000 00602nam a2200205Ia 4500
005 20250416171127.0
008 230125s9999 xx 000 0 und d
020 _a9788184956627
041 _aeng
082 _a658
_bABI/JOS
100 _aAbidi S
_9116786
245 _aThe Vuca Company
_bHow Indian Companies have faced Volatility Uncertainty Complexity & Ambiguity
260 _c2015
_bJaico Publishing House
_aMumbai
300 _a283p
500 _aGeneral Management
500 _aVUCA
650 _aGeneral Management;VUCA
_9119032
700 _aAbidi S & Joshi M
_9116787
942 _cBK
999 _c94487
_d94487